Villes de France finissant par C - Statistiques

Statistiques générales
  • Ce quiz a été pris 103 fois
  • Le résultat moyen est 8 sur 25
Statistiques - réponses
Question Ville % Correct
Cyrano lui même Bergerac
82%
Son nom ressemble a celui d'un complexe égyptien, En France elle a 2934 menhirs alignés Carnac
82%
Ville de Charente inspirant l'alcool Cognac
76%
Préfecture du Cantal Aurillac
72%
Dans ce département il y a un gouffre mais le nom c'est quoi ? Padirac
72%
Préfecture du 22 Saint-Brieuc
63%
Ville du 63 connu pour son eau minérale Volvic
53%
Préfecture de la Meuse Bar-le-Duc
49%
Sous-préfecture du département du Lot Figeac
46%
Ville girondine ayant une densité de 1 723 hab./km2 Pessac
46%
Ville qui a pour nom un ancien homme d'affaire prénommé Jérôme Cahuzac
41%
Site le plus touristique de l'Ardèche Vallon Pont d'Arc
25%
Ville composée que l'on pourrait renommer Escroc-la-Poste Arnac
22%
Station balnéaire sur la Côte de Granit Rose Perros-Guirec
20%
Synonyme de "Le Silence" pour se retrouver dans l'Indre Le Blanc
14%
Rajoute "IAO" a cette ville pour trouver une chanson de Naestro Bellac
10%
L'estuaire de Gironde en fait une région naturelle Lesparre-Médoc
8%
1 lettre a changer et tu te retrouve dans le 22 ou le 44 Pornic / Pordic
8%
Ville historique de Cornouailles qui est aussi un palindrome Callac
7%
Ville ardéchoise labellisée Village de caractère et adhérant à l'association Les Plus Beaux Villages de France. Balazuc
6%
Cette ville ardéchoise, peut créer un chouette jeu de mot avec Goldman Jaujac
6%
Ville a l'intérieur du Havre Bolbec
5%
Ville du 07 dont le nom est proche de l'Asperge Asperjoc
2%
Là-Bas, on met pas les fleurs en pot apparemment Florensac
1%
Ville du 35 dont le nom ressemble a un constructeur américain Quedillac
1%
Aucun quiz correspondant
Distribution des résultats
% des personnes avec chaque résultat
Percentile par nombre de réponses
Votre historique - résultats
Vous n’avez pas pris ce quiz